| 000 | 00904nam a22002297a 4500 | ||
|---|---|---|---|
| 005 | 20210325181544.0 | ||
| 008 | s2545 th tha d | ||
| 020 | _a9742308535 | ||
| 041 | _atha | ||
| 050 | _aRM235 ป344ม 2545 | ||
| 100 | 0 | _aประภาศรี เทียนประเสริฐ | |
| 245 | 1 | 0 | _aมหัศจรรย์อาหารต้านโรค |
| 260 | 3 |
_aกรุงเทพฯ : _bประพันธ์สาส์น, _c2545 |
|
| 300 |
_a134 หน้า : _b ภาพประกอบ, ตาราง ; _c 21 ซม. |
||
| 650 | 0 | 4 | _aอาหาร -- ไทย (ภาคตะวันออกเฉียงเหนือ) |
| 650 | 0 | 4 | _aอาหารเพื่อสุขภาพ |
| 650 | 0 | 4 | _aโภชนาการ |
| 850 | _aNALT | ||
| 942 | _cGB | ||
| 997 | _c000000000012175 | ||
| 998 | _aSAIPHON DEENGAM | ||
| 999 |
_c12175 _d12175 |
||